Optimization of hatchery protocols for macrobrachium rosenbergii culture in Vietnam

The overall objectives of the present thesis were to develop improved technical protocols for prawn seed production through investigating a number of factors believed to play an import role in larval rearing success.

Uloženo v:
Podrobná bibliografie
Hlavní autor: Dinh, The Nhan
Médium: Kniha
Jazyk:Undetermined
Vydáno: Belgium Belgian Technical Cooperation 2009
Témata:
Tagy: Přidat tag
Žádné tagy, Buďte první, kdo otaguje tento záznam!
Thư viện lưu trữ: Trung tâm Học liệu Trường Đại học Cần Thơ
LEADER 00807nam a2200193Ia 4500
001 CTU_160187
008 210402s9999 xx 000 0 und d
082 |a 639.68 
082 |b Nh121 
100 |a Dinh, The Nhan 
245 0 |a Optimization of hatchery protocols for macrobrachium rosenbergii culture in Vietnam 
245 0 |c Dinh The Nhan 
260 |a Belgium 
260 |b Belgian Technical Cooperation 
260 |c 2009 
520 |a The overall objectives of the present thesis were to develop improved technical protocols for prawn seed production through investigating a number of factors believed to play an import role in larval rearing success. 
650 |a Nuôi tôm,Shrimp culture,Macrobrachium rosenbergii 
904 |i Năm 
980 |a Trung tâm Học liệu Trường Đại học Cần Thơ